Exegi Monumentum a nemzeti történelem nagy szintézisei /

Elmentve itt :
Bibliográfiai részletek
Szerző: Tollebeek Jo
Dokumentumtípus: Cikk
Megjelent: 2013
Sorozat:Aetas 28 No. 3
Kulcsszavak:Történelemtudomány
Online Access:http://acta.bibl.u-szeged.hu/31075
LEADER 00605nab a2200181 i 4500
001 acta31075
005 20210422144037.0
008 161017s2013 hu o 0|| hun d
022 |a 0237-7934 
040 |a SZTE Egyetemi Kiadványok Repozitórium  |b hun 
041 |a hun 
100 1 |a Tollebeek Jo 
245 1 0 |a Exegi Monumentum   |h [elektronikus dokumentum] :  |b a nemzeti történelem nagy szintézisei /  |c  Tollebeek Jo 
260 |c 2013 
300 |a 197-217 
490 0 |a Aetas  |v 28 No. 3 
695 |a Történelemtudomány 
856 4 0 |u http://acta.bibl.u-szeged.hu/31075/1/aetas_2013_003_197-217.pdf  |z Dokumentum-elérés